OPERACION ÂJESUCRISTO Y AL TERCER DIA... (Registro nro. 23663)
[ vista simple ]
| 000 -LEADER | |
|---|---|
| fixed length control field | 00465nam a2200181 a 4500 |
| 001 - CONTROL NUMBER | |
| control field | 23663 |
| 005 - DATE AND TIME OF LATEST TRANSACTION | |
| control field | 20180713221747.0 |
| 008 - FIXED-LENGTH DATA ELEMENTS--GENERAL INFORMATION | |
| fixed length control field | 140415s1980 000 0 spa d |
| 020 ## - INTERNATIONAL STANDARD BOOK NUMBER | |
| International Standard Book Number | 9681306120 |
| 041 ## - LANGUAGE CODE | |
| Language code of text/sound track or separate title | spa |
| 082 ## - DEWEY DECIMAL CLASSIFICATION NUMBER | |
| Classification number | 800 |
| Item number | MAN |
| 100 1# - MAIN ENTRY--PERSONAL NAME | |
| Personal name | Mandino, Og,. |
| 245 10 - TITLE STATEMENT | |
| Title | OPERACION ÂJESUCRISTO Y AL TERCER DIA... |
| 260 ## - PUBLICATION, DISTRIBUTION, ETC. | |
| Place of publication, distribution, etc. | [s.l.] : |
| Name of publisher, distributor, etc. | DIANA, |
| Date of publication, distribution, etc. | 1980 |
| 300 ## - PHYSICAL DESCRIPTION | |
| Extent | 348 |
| 650 14 - SUBJECT ADDED ENTRY--TOPICAL TERM | |
| Topical term or geographic name entry element | NOVELA |
| 700 1# - ADDED ENTRY--PERSONAL NAME | |
| Personal name | MEZA DE GARATE, GUADALUPE |
| Relator term | tr. |
| Withdrawn status | Lost status | Source of classification or shelving scheme | Damaged status | Not for loan | Collection code | Home library | Current library | Shelving location | Date acquired | Source of acquisition | Inventory number | Total Checkouts | Full call number | Barcode | Date last seen | Date last checked out | Price effective from | Koha item type |
|---|---|---|---|---|---|---|---|---|---|---|---|---|---|---|---|---|---|---|
| Dewey Decimal Classification | General | Biblioteca Karol Wojtyla | Biblioteca Karol Wojtyla | Sala general | 03/12/2013 | Compra | 151000000000000000031553 | 800 MAN | 44516 | 05/01/2026 | 02/02/2018 | 03/12/2013 | Libro |